Derivatives and Risk Management Basics (Record no. 1064335)

MARC details
000 -LEADER
fixed length control field 00385nam a2200133Ia 4500
008 - FIXED-LENGTH DATA ELEMENTS--GENERAL INFORMATION
fixed length control field 231228s2011 xx 000 0 und d
041 ## - LANGUAGE CODE
Language code of text/sound track or separate title eng
082 ## - DEWEY DECIMAL CLASSIFICATION NUMBER
Classification number 658.155
Item number CHA
100 ## - MAIN ENTRY--PERSONAL NAME
Personal name CHANCE (Don M.)/ BROOKS (Robert)
245 ## - TITLE STATEMENT
Title Derivatives and Risk Management Basics
250 ## - EDITION STATEMENT
Edition statement 5th Rep.
260 ## - PUBLICATION, DISTRIBUTION, ETC.
Place of publication, distribution, etc. New Delhi
Name of publisher, distributor, etc. Cengage Learning India Pvt. Ltd New Delhi
Date of publication, distribution, etc. 2011
300 ## - PHYSICAL DESCRIPTION
Extent 562

No items available.